03435nam a22002657a 450000500170000000800410001704000290005804100080008708200120009524201610010724501550026825000450042326002750046830002510074350008550099450508510184950600210270052001510272154600230287265000550289565000550295065000520300565000570305765000550311420260428143654.0240604s1878 fr a|||frd||| 00| 0 fre d cSandra YazodSandra Yazo0 afre04220a03600aEncyclopédie du Dix-Neuvième Siècle.bRepertorio universal de las ciencias, las letras y las artes. Con notas biográficas y numerosos grabados.yspa00aEncyclopédie du Dix-Neuvième Siècle.bRépertoire Universel des Sciences, des Lettres et des Arts avec la biographie et de nombreuses gravures. aQuatrième édition [Cuarta edición] aParís (Francia)bLibrairie de L’Encyclopédie du XIX. Siècle ; Imprimerie Jules Boyer [Librería de la Enciclopedia del Siglo XIX ; Imprenta de Julio Boyer] ;bTypographie Lahure [Tipografía Lahure] ; Imprimerie Jules Boyer [Imprenta de Jules Boyer]c1878-1881 a22 tomos en 11 volúmenes (400 ; 400 ; 400, [1] ; 416 ; 400, [1] ; 400 ; 400, [1] ; 400 ; 400, [1] ; 400 ; 400, [1] ; 400 ; 416, [1] ; 416 ; 416, 416 ; 480, 480 ; 400, 400 ; 448, 176, 71, 214, 208 páginas)c25 x 17 cm.bilustraciones, grabados aDetalles físicos: Dos tomos en cada volumen, obra incompleta. Encuadernación rígida (holandesa): cartón forrado en tela texturizada. Lomo de cuerpo, con raspaduras. Lomo con nervaduras sobre costuras. Letras y motivos decorativos en dorado. Tapas con decoración (recuadros) repujada. Guardas simulando papel de agua. Hoja de cortesía. Anteportada. Portadas impresas en una sola tinta. Texto impreso en dos columnas, separadas por una línea vertical, con diferentes tipos y tamaños de letras. Notas de pie de página. Grabados e ilustraciones dentro del texto. Cuadros y gráficas. Papel con manchas de oxidación. V.63-64: Guarda delantera y primeras hojas, empiezan a desprenderse. Hojas de papel de diferente tamaño (ver págs. 341, 411). V.65-66: Anteportada rasgada. V.69-70: Guarda delantera y primeras hojas, desprendidas.2 aV.63: De Abyssinie (Abisinia) a Géologie (Geología) ; V.64: De Gers (nombre propio) a Yonne (nombre propio) -- V. 65: De Abyssinie (Abisinia) a Pole Nord (Polo Norte) -- V.66: De Pologne (Polonia) a Wurtemberg. Crónica de los conflictos de 1870 y 1871 en Francia -- V. 67: De Achantis (Ashantis) a Cheminée (Chimenea) -- V.68: De Chemmis (isla del antiguo lago Boutos, en Egipto) a Expositions des produits industriels (Exposiciones de productos industriales) -- V. 69: De Expositions industrielles (Exposiciones industriales) a Pomoerium (espacios libres a ambos lados de las murallas) -- V.70: De Pomone a Zour (aguas sagradas para los persas) ; Biografías de hombres notables ; Primer Índice Metódico de los tomos I al XLVIII ; Segundo Índice Metódico de los tomos XLIX a LXX ; Complemente periódico ; Índice Alfabético aConsulta en sala aEnciclopedia francesa con información sobre ciencias, artes y letras del Siglo XIX (de 1859 a 1867), en artículos ordenados alfabéticamente. aTexto en francés 7aEnciclopedias y diccionarios franceses ySiglo XIX 7aCiencias ySiglo XIXvEnciclopedias y diccionarios 7aArtes ySiglo XIXvEnciclopedias y diccionarios 7aLiteratura ySiglo XIXvEnciclopedias y diccionarios 7aHistoria ySiglo XIXvEnciclopedias y diccionarios